00579 2200193 4500001002100000005001500021035002000036245012900056100002000185300002600205260004400231082001000275084001600285020002200301600001100323990001700334990001700351990001700368INLIS00000000000116520250909092336 a0010-09250000191 aRahasiri a Menikmati Hidup : Mensyukuri Nikmat Allah di Tengah Kehidupan yang ZSedang Tidak baik-baik Saja /cHaidar Musyafa0 aMusyafa, Haidar a219 hlm ;c14 X 21 cm aSemarang :bSyalmahat Publishing,c2023 a297.3 a297.3 MUS r a978-623-97672-4-2 4aIbadah a3892/PP/2025 a3893/PP/2025 a3894/PP/2025